| 000 | 00374pab a2200145 454500 | ||
|---|---|---|---|
| 008 | 180718b1995 xxu||||| |||| 00| 0 eng d | ||
| 100 | _aChelliah, Raja | ||
| 245 | _aEconomic progress | ||
| 260 | _c1995 | ||
| 300 | _ap.8; 3 Jan 1995, p.8; 7 Jan 1995, p.8 | ||
| 362 | _a2 Jan | ||
| 650 | _aEconomic development - India | ||
| 773 | _aHindu (Business Line) | ||
| 909 | _a28291 | ||
| 999 |
_c28291 _d28291 |
||